Multimedia fundamentals / (Record no. 17937)
[ view plain ]
| 000 -LEADER | |
|---|---|
| fixed length control field | 00930 am a2200289ua 4500 |
| 001 - CONTROL NUMBER | |
| control field | 011293893 |
| 005 - DATE AND TIME OF LATEST TRANSACTION | |
| control field | 20140121104410.0 |
| 008 - FIXED-LENGTH DATA ELEMENTS--GENERAL INFORMATION | |
| fixed length control field | 030324t2002 xxua frb 001 0 eng d |
| 010 ## - LIBRARY OF CONGRESS CONTROL NUMBER | |
| LC control number | 2001056583 |
| 020 ## - INTERNATIONAL STANDARD BOOK NUMBER | |
| International Standard Book Number | 0130313998 |
| 020 ## - INTERNATIONAL STANDARD BOOK NUMBER | |
| International Standard Book Number | 9780130313997 |
| 040 ## - CATALOGING SOURCE | |
| Original cataloging agency | StDuBDS |
| Modifying agency | Uk |
| 082 04 - DEWEY DECIMAL CLASSIFICATION NUMBER | |
| Classification number | 006.7 |
| Edition number | 22 |
| Item number | STE |
| 100 1# - MAIN ENTRY--PERSONAL NAME | |
| Personal name | Steinmetz, Ralf |
| 9 (RLIN) | 34883 |
| 245 10 - TITLE STATEMENT | |
| Title | Multimedia fundamentals / |
| Statement of responsibility, etc | Ralf Steinmetz, Klara Nahrstedt. |
| 260 ## - PUBLICATION, DISTRIBUTION, ETC. (IMPRINT) | |
| Place of publication, distribution, etc | Upper Saddle River, United States : |
| Name of publisher, distributor, etc | Prentice Hall PTR, |
| Date of publication, distribution, etc | c.2002. |
| 300 ## - PHYSICAL DESCRIPTION | |
| Extent | 1 v. (xvi, 274 p.) : |
| Other physical details | ill. ; |
| Dimensions | 24 cm. |
| 490 0# - Series Statement | |
| Series statement | IMSC Press Multimedia Series |
| 500 ## - GENERAL NOTE | |
| General note | Index : p. 257-274. |
| 504 ## - BIBLIOGRAPHY, ETC. NOTE | |
| Bibliography, etc | Bibliography : p. 235-255. |
| 505 0# - FORMATTED CONTENTS NOTE | |
| Formatted contents note | Contents : v. 1. Media coding and content processing. |
| 650 #0 - SUBJECT ADDED ENTRY--TOPICAL TERM | |
| Topical term or geographic name as entry element | Multimedia systems |
| 9 (RLIN) | 14476 |
| 653 ## - INDEX TERM--UNCONTROLLED | |
| Resource For college | |
| Arrived date list | January2014 |
| 655 ## - INDEX TERM--GENRE/FORM | |
| Form subdivision | |
| -- | 34232 |
| 700 1# - ADDED ENTRY--PERSONAL NAME | |
| Personal name | Nahrstedt, Klara |
| 9 (RLIN) | 34884 |
| 942 ## - ADDED ENTRY ELEMENTS (KOHA) | |
| Source of classification or shelving scheme | Dewey Decimal Classification |
| Call number prefix | 006.7 STE |
| Withdrawn status | Item status | Source of classification or shelving scheme | Damaged status | Not for loan | Vendor | Home library | Current library | Shelving location | Date acquired | Source of acquisition | Total Checkouts | Full call number | Barcode | Date last seen | Koha item type |
|---|---|---|---|---|---|---|---|---|---|---|---|---|---|---|---|
| Dewey Decimal Classification | Baccah | Central Library | Central Library | Lower Floor | 21/01/2014 | 006.7 STE | 000035365 | 15/07/2025 | Book - Borrowing | ||||||
| Dewey Decimal Classification | Baccah | Central Library | Central Library | Lower Floor | 21/01/2014 | 006.7 STE | 000035366 | 15/07/2025 | Book - Borrowing |